Pracovní migrace v České republice po vstupu do Evropské unie
Posúdenie vplyvu začlenenia Českej republiky do Európskej únie na rastúci trend pracovnej migrácie. Hlavné migračné komunity a ich činnosť na pracovnom trhu Českej republiky. Špecifikácia hlavných rysov a odlišností jednotlivých migračných komunít a spôsoby ich zapojenia do českej ekonomiky.
Salvato in:
| Autore principale: | |
|---|---|
| Natura: | Capitolo di libro |
| Lingua: | ceco |
| Soggetti: | |
| Tags: |
Nessun Tag, puoi essere il primo ad aggiungerne!!
|
MARC
| LEADER | 00000naa$a2200000$$$4500 | ||
|---|---|---|---|
| 001 | 0111834 | ||
| 005 | 20231127115409.7 | ||
| 041 | 0 | |a cze | |
| 044 | |a CZ | ||
| 245 | 1 | 0 | |a Pracovní migrace v České republice po vstupu do Evropské unie |c Marie Popovová |
| 520 | |a Posúdenie vplyvu začlenenia Českej republiky do Európskej únie na rastúci trend pracovnej migrácie. Hlavné migračné komunity a ich činnosť na pracovnom trhu Českej republiky. Špecifikácia hlavných rysov a odlišností jednotlivých migračných komunít a spôsoby ich zapojenia do českej ekonomiky. | ||
| 610 | 2 | 0 | |a Česko |
| 610 | 2 | 0 | |a migrácia |
| 610 | 2 | 0 | |a Európska únia |
| 610 | 2 | 0 | |a trh práce |
| 610 | 2 | 0 | |a pohyb síl pracovných medzinárodný |
| 100 | 1 | |a Popovová, Marie | |